| 000 | 00000nas 2200000za 4500 |
| 001 | 9.827600 |
| 003 | CaOODSP |
| 005 | 20221107144838 |
| 007 | cr ||||||||||| |
| 008 | 161116d19601980oncar p oss f0###a0eng|d |
| 022 | |y0527-5458 |
| 040 | |aCaOODSP|beng |
| 041 | |aeng|afre |
| 043 | |an-cn--- |
| 086 | 1 |aCS41-226-PDF |
| 245 | 00|aIron foundries |h[electronic resource]. |
| 246 | 13|aIron foundries|f1968-1980 |
| 260 | |a[Ottawa] : |bDominion Bureau of Statistics, Industry Division, |c1963-1982. |
| 310 | |aAnnual |
| 362 | 0 |a1960-1980. |
| 490 | 0 |aAnnual census of manufactures |
| 500 | |aDigitized edition from print [produced by Statistics Canada]. |
| 520 | |a"For statistical purposes this industry comprises the operations of establishments primarily engaged in manufacturing iron castings, including cast iron pipe and fittings"--Introduction, 1980. |
| 546 | |aText in English only, 1960-1967; text in English and French, 1968-1980. |
| 550 | |aIssues for 1965-1978 published by Manufacturing and Primary Industries Division; 1979-1980 by Machinery, Wood and Metal Products Section. |
| 580 | |aMerged with: Iron and steel mills (Final); and, Steel pipe and tube mills (Final), to become: Iron, steel and pipe mills including foundries. |
| 580 | |aContinues in part: Iron castings industry (1948). |
| 692 | 07|2gccst|aManufacturing industry |
| 692 | 07|2gccst|aStatistics |
| 710 | 1 |aCanada. |bDominion Bureau of Statistics. |bIndustry Division. |
| 710 | 1 |aCanada. |bDominion Bureau of Statistics. |bManufacturing and Primary Industries Division. |
| 710 | 1 |aCanada. |bStatistics Canada. |bMachinery, Wood and Metal Products Section. |
| 710 | 1 |aCanada. |bStatistics Canada. |bManufacturing and Primary Industries Division. |
| 780 | 00|tThe iron castings industry |w(CaOODSP)9.826746 |
| 792 | |tIron foundries |efre|w(CaOODSP)9.827603 |